Big chickens / (Record no. 5055)

MARC details
000 -LEADER
fixed length control field 00954nam a22003017a 4500
001 - CONTROL NUMBER
control field 5055
003 - CONTROL NUMBER IDENTIFIER
control field FISKH
005 - DATE AND TIME OF LATEST TRANSACTION
control field 20250613142417.0
008 - FIXED-LENGTH DATA ELEMENTS--GENERAL INFORMATION
fixed length control field 241104b cb ||||| |||| 00| 0 eng d
020 ## - INTERNATIONAL STANDARD BOOK NUMBER
International Standard Book Number 9780439026130
040 ## - CATALOGING SOURCE
Original cataloging agency FISKH
Language of cataloging eng
Transcribing agency FISKH
Modifying agency FISKH
050 ## - LIBRARY OF CONGRESS CALL NUMBER
Classification number PZ7.H37275
082 ## - DEWEY DECIMAL CLASSIFICATION NUMBER
Classification number 630.2
100 ## - MAIN ENTRY--PERSONAL NAME
Personal name Helakoski, Leslie
Dates associated with a name (1916-)
245 ## - TITLE STATEMENT
Title Big chickens /
Statement of responsibility, etc. Leslie Helakoski illustrated by Henry Cole
250 ## - EDITION STATEMENT
Edition statement First printing in 2007
260 ## - PUBLICATION, DISTRIBUTION, ETC.
Place of publication, distribution, etc. New York :
Name of publisher, distributor, etc. Scholastic,
Date of publication, distribution, etc. 2007.
300 ## - PHYSICAL DESCRIPTION
Extent 29 pages :
Other physical details color illustrations ;
Dimensions 22 cm
505 ## - FORMATTED CONTENTS NOTE
Formatted contents note J<br/>
520 ## - SUMMARY, ETC.
Summary, etc. While trying to escape from a wolf, four frightened chickens keep getting themselves into the very predicaments they are trying to avoid.
521 8# - TARGET AUDIENCE NOTE
Target audience note 490<br/><br/>
Source Lexile<br/>
521 8# - TARGET AUDIENCE NOTE
Target audience note J<br/>
Source Raz-Plus<br/>
650 ## - SUBJECT ADDED ENTRY--TOPICAL TERM
Source of heading or term Courage
Topical term or geographic name entry element Picture book
650 ## - SUBJECT ADDED ENTRY--TOPICAL TERM
Source of heading or term Bravery
Topical term or geographic name entry element Chickens
700 ## - ADDED ENTRY--PERSONAL NAME
Personal name Cole, Henry
Dates associated with a name Illustrator
942 ## - ADDED ENTRY ELEMENTS (KOHA)
Source of classification or shelving scheme Dewey Decimal Classification
Koha item type Books
Suppress in OPAC No
Holdings
Withdrawn status Lost status Source of classification or shelving scheme Damaged status Not for loan Collection Home library Current library Shelving location Date acquired Total Checkouts Full call number Barcode Date last seen Date last checked out Copy number Price effective from Koha item type
    Dewey Decimal Classification     Juvenile Fiction Footprints International School Library Network Toul Kork Campus Footprints International School Library Network Toul Kork Campus TK Primary Library Room(4th Floor), Bookcase 1&2, Shelves 1-16, Dark Blue Books 11/04/2024 1 HEL 630.2 PZ7.H37275 FISTK02271 02/05/2025 01/22/2025 1 11/04/2024 Books
    Dewey Decimal Classification     Juvenile Fiction Footprints International School Library Network Toul Tom Poung Campus Footprints International School Library Network Toul Tom Poung Campus TTP Primary Dark Blue Bookshelves 06/13/2025   HEL 630.2 PZ7.H37275 2025-1637 06/13/2025   2 06/13/2025 Books
    Dewey Decimal Classification     Juvenile Fiction Footprints International School Library Network Toul Tom Poung Campus Footprints International School Library Network Toul Tom Poung Campus TTP Primary Dark Blue Bookshelves 07/29/2025   HEL 630.2 PZ7.H37275 FIS01875 07/29/2025   3 07/29/2025 Books